Antonin Artaud i la revolta del teatre modern / Josep Palau i Fabre
Descripción Física:
113 p., [4] p. de làm. ; 21'5 cm
Colección:
Monografies de teatre ; 4
Materias:
Artaud, Antonin
MARC
| LEADER | 00000nam a2200000Ia 4500 | ||
|---|---|---|---|
| 001 | 6865 | ||
| 008 | 160829s1976 xx 000 0 cat d | ||
| 080 | |a B-1-162 | ||
| 100 | |a Palau i Fabre, Josep, |d 1917-2008 |9 20190 | ||
| 245 | |a Antonin Artaud i la revolta del teatre modern / Josep Palau i Fabre | ||
| 260 | |a Barcelona : |b Institut del Teatre : |b Edicions 62, |c 1976 | ||
| 300 | |a 113 p., [4] p. de làm. ; |c 21'5 cm | ||
| 490 | |a Monografies de teatre ; 4 | ||
| 650 | |a Artaud, Antonin |9 20098 | ||
| 710 | 1 | |a Institut del Teatre (Barcelona, Catalunya) |9 52662 | |
| 901 | |a Arxiu | ||
| 942 | |n 1 | ||
| 952 | |0 0 |1 0 |4 0 |6 B1162 |7 1 |9 41482 |a Arxiu |b Arxiu |d 2016-12-01 |l 0 |o B-1-162 |p 6865 |r 2016-12-01 00:00:00 |w 2016-12-01 |y ARXIU | ||
| 999 | |c 43290 |d 43290 | ||